| 000 | 01152nab a2200229 i 4500 | ||
|---|---|---|---|
| 001 | BPP | ||
| 003 | BPK | ||
| 005 | 20180412112417.0 | ||
| 008 | 140219s1995 pl f |100 0 pol | | ||
| 040 | _cBPK | ||
| 100 |
_aCZAPP, Marian. _d1982 - 1996. _bWyższa Szkoła Inżynierska w Koszalinie - Wydział Mechaniczny, _cZakład Termodynamiki i Chłodnictwa |
||
| 245 |
_aPola prędkości i temperatur powietrza w chłodniczych wymiennikach ciepła / _cMarian Czapp, Tadeusz Bohdal, Henryk Charun. |
||
| 260 | _c1995. | ||
| 500 | _aDane z bibliografii załącznikowej. | ||
| 650 | 0 | _aChłodnictwo - urządzenia. | |
| 655 | 0 | _aMateriały konferencyjne. | |
| 700 |
_aBOHDAL, Tadeusz. _d1976 - 1996. _bWyższa Szkoła Inżynierska w Koszalinie - Wydział Mechaniczny, _cZakład Termodynamiki i Chłodnictwa |
||
| 773 |
_tMateriały XXVII Poznańskich Dni Chłodnictwa. - _dPoznań, 1995. - _gs. 17 |
||
| 711 |
_aDni Chłodnictwa _n(27 ; _d1995 ; _cPoznań, Polska). |
||
| 700 |
_aCHARUN, Henryk. _d1982 - 1996. _bWyższa Szkoła Inżynierska w Koszalinie - Wydział Mechaniczny, _cZakład Termodynamiki i Chłodnictwa |
||
| 942 |
_cART _2UKD |
||
| 999 |
_c428 _d428 |
||